000
00292nam a22000977a 4500
008
240219b |||||||| |||| 00| 0 eng d
082
_a
025 F85F Ej.1
100
1
0
_a
López Yepes, Jose
_e
autor
_9
43440
245
_a
Fundamentos de información y documentación /
_c
José López Yepes
942
_2
ddc
999
_c
30613
_d
16997